000 00292nam a22001097a 4500
082 _a658 GIL'I
100 _aGLASER, ROBERT,CRISSY, W. J. E,GILMER, B. VAN
_977543
245 _aINDUSTRIAL AND ORGANIZATIONAL PSYCHOLOGY
260 _aNEWYORK
_bMCGRAW HILL
_c1971
300 _a682P
942 _cBK
999 _c582807
_d582807